00414nam a22001337a 4500003000900000008004100009020001800050040002800068100003700096245006900133250002400202260004400226300001000270CO-ViMGA180504b ||||| |||| 00| 0 eng d a9789588894119 aCO-ViMGAbspacCO-ViMGA1 aGarcìa Marquez, Gabriel.d196110aEl coronel no tiene quien le escriba /cGabriel Garcìa Marquez aEdición especial. aBogotà,bPenguin Random House,c2014. a95 p.